000 01624cam a22004454i 4500
003 PE-LiUPU
005 20250731173255.0
008 150625s r 000 0 d
020 _a8485108000
035 _a(Sirsi) i9788485108008
040 _aPE-LiUPU
_bspa
_cPE-LiUPU
_erda
049 _aPRUA
082 0 4 _a226.3
_bT79
_221
100 1 _aTrenchard, Ernesto,
_eautor.
245 1 0 _aExposición del evangelio según San Marcos :
_bcursos de estudio biblíco /
_cErnesto Trenchard.
264 1 _aMadrid :
_bLiteratura,
_c1981.
300 _a226 páginas :
_bilustraciones, mapas ;
_c20 centímetros
336 _atext
_2rdacontent
337 _aunmediated
_2rdamedia
338 _avolume
_2rdacarrier
505 0 _aIntroducción al evangelio. -al umbral del Ministerio. -el misiterio en Galilea con base en Capernaum. -Oposicion a la luz. -El siervo extiende su ministerio.
526 _aSEG42
526 _aSEG41
526 _aSEG40
526 _aSEG39
526 _aP94
526 _aP87
526 _aP86
526 _aP85
526 _aP77
526 _aP76
526 _aP35
541 _g0001403;
630 _aBiblia.
_pN.T.
_pMarcos
_xComentarios.
942 _2ddc
_cBOOK
949 _a226.3 T79
_wDEWEY
_c1
_i55087
_lCCODEBUL1
_mBUL
_p7.00
_r0
_sY
_tBOOK
_u2015-6-25
_xTEOLOGIA
_zUNKNOWN
_0COMPRA
_o.STAFF. Colección General
994 _aC0
_bPEPRU
596 _a1
999 _a226.3 T79
_wDEWEY
_c43703
_i55087
_d43703
_f2021-11-9
_g5
_lCCODEBUL1
_mBUL
_p7.00
_q5
_r0
_sY
_tBOOK
_u2015-6-25
_xTEOLOGIA
_zUNKNOWN
_0COMPRA
_o.STAFF. Colección General
980 _81
_gALBERTO SANCHEZ Responsable de Automatización